| 000 | 00412nam a2200157Ia 4500 | ||
|---|---|---|---|
| 008 | 160316s1981 xxu||||| |||| 00| 0 eng d | ||
| 082 |
_a340.110000 _bMEN |
||
| 100 | _aMendelson Wallace | ||
| 245 | _aSupreme court statement : The rule of law and men | ||
| 250 | _a2nd | ||
| 260 |
_aCincinnati, Ohio _bSouth-Western Publishing Co. _c1981 |
||
| 300 |
_a389p _b _c |
||
| 365 | _bGratis | ||
| 650 | _a | ||
| 700 |
_a _a |
||
| 999 |
_c566 _d566 |
||